Scooby-Doo Mystery Incorporated - Niche Trivia - Statistics

General Stats
  • This quiz has been taken 24 times
  • The average score is 3 of 15
Answer Stats
Question Answer % Correct
How many episodes have the word 'night' somewhere in the title? 8
76%
What was the name of the song Daphne sung performing as 'Crush' in 'In Fear of the Phantom'? Trap of Love
71%
The ghosts of which preceding mystery solving group appeared in Burlington Library during 'Night Terrors'? Benevolent Lodge of Mystery
29%
Who was the first character in the series to be killed off in 'All Fear the Freak'? Ed Machine
29%
What was the name of the mermaid Velma befriended in 'The Siren's Song'? Amy
24%
Where was the flintlock also known as 'primero llave' discovered in 'Aliens Among Us'? Gatorsburg
24%
Which location serves as the first real-time sighting of the Humungonauts and Rude Boy and the Ska-tastics? Tiki Tub
24%
A key setting for the climax of Season 1, in which episode does the Old Spanish Church first appear? Where Walks Aphrodite
12%
What was the name of the explorer the gang found inside Mount Diabla in 'Night on Haunted Mountain'? Boron
6%
Which one of the gang's parents appears in the fewest episodes? Dale Dinkley
6%
Which Hispanic social studies teacher helped the gang solve the mystery of Que Horrifico in 'The Song of Mystery'? Dr. Portillo
6%
Where was the fourth piece of the Planispheric Disk found? In a cheese wheel
6%
At the end of which episode did Brad Chiles and Judy Reeves first appear in the present day? Web of the Dreamweaver!
6%
The auctioneer in the opening scene of 'The Secret Serum' is meant to resemble which British TV personality? David Dickinson
0%
Which two Blake sisters are the only ones that actually speak in the show? Delilah, Daisy
0%
No matching quizzes found
Score Distribution
Percent of People with Each Score
Percentile by Number Answered
Your Score History
You have not taken this quiz